000
00338nam a2200133Ia 4500
008
240624s9999 xx 000 0 und d
041
_a
eng
082
_a
658.4 EDE
100
_a
EDEN COLIN
245
_a
MANAGERIAL AND ORGANIZATIONAL COGNITION
260
_c
1998
_a
London
_b
Sage Publications Ltd
300
_a
272 : p.
365
_c
BPS
_b
25
999
_c
18035
_d
18035